000 00245nam a2200097Ia 4500
001 711765
005 20250826162814.0
008 250824s9999 xx 000 0 und d
245 0 _aMAİ VE SİYAH
_cHALİD ZİYA UŞAKLIGİL
260 _bCAN YAYINLARI
999 _c711765
_d711765